000 00289nam a22001337a 4500
008 170728b xxu||||| |||| 00| 0 eng d
020 _a2900136022533
041 _aeng
080 _a004
100 _a31
101 _aSHK
245 _aSTARTING OUT WITH C++
_cGADDIS,T
942 _2udc
_cBK
999 _c22082
_d22082